শিল্প মনোবিজ্ঞান = Industrial Psychology / (Record no. 62161)
[ view plain ]
| 000 -LEADER | |
|---|---|
| fixed length control field | 00854nam a2200229 a 4500 |
| 001 - CONTROL NUMBER | |
| control field | 62161 |
| 003 - CONTROL NUMBER IDENTIFIER | |
| rucl marc code | BD-RjUL |
| 005 - DATE AND TIME OF LATEST TRANSACTION | |
| control field | 20211209081041.0 |
| 008 - FIXED-LENGTH DATA ELEMENTS--GENERAL INFORMATION | |
| fixed length control field | 170123s1985 bg |||| b||| 00| 0 ben d |
| 035 ## - SYSTEM CONTROL NUMBER | |
| System control number | (BD-RjUL)62286 |
| 040 ## - CATALOGING SOURCE | |
| Original cataloging agency | BD-RjUL |
| Language of cataloging | ben |
| Transcribing agency | BD-RjUL |
| 041 ## - LANGUAGE CODE | |
| Language code of text/sound track or separate title | ben |
| 082 ## - DEWEY DECIMAL CLASSIFICATION NUMBER | |
| Classification number | 158.7 |
| Author mark and year | KHS 1985 |
| 100 ## - MAIN ENTRY--PERSONAL NAME | |
| Personal name | খালেক, আবদুল |
| 9 (RLIN) | 157800 |
| 245 10 - TITLE STATEMENT | |
| Title | শিল্প মনোবিজ্ঞান = Industrial Psychology / |
| Statement of responsibility, etc. | আবদুল খালেক |
| 260 ## - PUBLICATION, DISTRIBUTION, ETC. (IMPRINT) | |
| Place of publication, distribution, etc. | ঢাকা : |
| Name of publisher, distributor, etc. | ঢাকা বিশ্ববিদ্যালয়, |
| Date of publication, distribution, etc. | ১৯৮৫ |
| 300 ## - PHYSICAL DESCRIPTION | |
| Pagination | ৬২৪ পৃ. ; |
| Size | ২১ সেমি. |
| 504 ## - BIBLIOGRAPHY, ETC. NOTE | |
| Bibliography, etc | গ্রন্থপঞ্জি সংযুক্ত |
| 650 ## - SUBJECT ADDED ENTRY--TOPICAL TERM | |
| Topical term or geographic name as entry element | মনোবিজ্ঞান, শিল্প |
| 9 (RLIN) | 157801 |
| Topical term or geographic name as entry element | Psychology, Industrial |
| 9 (RLIN) | 131159 |
| 942 ## - ADDED ENTRY ELEMENTS (KOHA) | |
| Source of classification or shelving scheme | Dewey Decimal Classification |
| Koha item type | Books |
| Lost status | Source of classification or shelving scheme | Damaged status | Not for loan | Collection code | Permanent Location | Current Location | Shelving location | Date acquired | Source of acquisition | Cost, normal purchase price | Total Checkouts | Full call number | Date last seen | Copy number | Koha item type | Date checked out |
|---|---|---|---|---|---|---|---|---|---|---|---|---|---|---|---|---|
| Dewey Decimal Classification | Not For Loan | Non-fiction | Central Library, University of Rajshahi | Central Library, University of Rajshahi | Reading Room | 08/10/1987 | Dhaka University Book Association | 150.00 | B 158.7 KHS 1985 | 23/01/2017 | C-1 | Books | ||||
| Dewey Decimal Classification | Non-fiction | Central Library, University of Rajshahi | Central Library, University of Rajshahi | 08/10/1987 | Dhaka university Granta Santha | 150.00 | 4 | B 158.7 KHS 1985 | 04/02/2024 | C-2 | Books | 08/11/2023 |